000 00557nam a2200169Ia 4500
008 090711s9999 xx 000 0 und d
082 _b48305
100 _aधुरी विरेंद्र ह.
245 _aिSाात्ेवरSाी फुले
260 _c1984
300 _a124
600 _aधुरी विरेंद्र ह.
630 _aिSाात्ेवरSाी फुले
700 _aधुरी विरेंद्र ह.
730 _aिSाात्ेवरSाी फुले
942 _cBOOK
999 _c299887
_d299887